| 000 | 00364nam a2200145Ia 4500 | ||
|---|---|---|---|
| 008 | 150201s2006 xx 000 0 und d | ||
| 082 |
_a613.71 _bP2006H |
||
| 100 | _aHOLLIS MARGARET | ||
| 245 | _aPRACTICAL EXERCISE THERAPY | ||
| 250 | _a4TH | ||
| 260 |
_bBLACKWELL SCIENCE PUB. _aEDINBURGH _c2006 |
||
| 300 | _a1-280 | ||
| 650 | _aPHYSIOTHERAPY | ||
| 942 |
_2ddc _cBK |
||
| 999 |
_c3952 _d3952 |
||